| 000 | 00594nam a22001815i 4500 | ||
|---|---|---|---|
| 001 | 171824 | ||
| 003 | ES-MaACL | ||
| 005 | 20240223093201.0 | ||
| 008 | 090602s1932 sp |||| | spa d | ||
| 080 | _a929 Lenin, Vladimir Il'ich | ||
| 100 | 1 |
_aSolomon, Guerguii Aleksandrovich. _9140445 |
|
| 245 | 1 | 0 |
_aLenin, los Ulianoff _b: memorias del autor / _cpor Georges A. Solomon. |
| 260 |
_aMadrid : _bFax, _c1932 ( _eBurgos : _fAldecoa) |
||
| 300 |
_a108 p. : _bil. ; _c22 cm. |
||
| 600 | 1 | 4 |
_aLenin, Vladimir Il'ich, _d1870-1924 _971523 |
| 852 |
_aES-MaACL _jA-1057 |
||
| 999 |
_c171824 _d171824 |
||